000 00637nam a2200121Ia 4500
008 220615s9999||||xx |||||||||||||| ||und||
100 _aDodd, Dianne||Gorham, Deborah
245 0 _aCaring and Curing
_bHistorical Perspectives on Women and Healing in Canada
546 _aEnglish[eng]
650 _aessays||healing||canada||women||Health care||Medicine||Midwife||Midwifery||Nursing||Ontario||Public health
856 _uhttps://library.oapen.org/bitstream/20.500.12657/33005/1/578785.pdf||https://library.oapen.org/bitstream/20.500.12657/33005/1/578785.pdf||https://library.oapen.org/bitstream/20.500.12657/33005/1/578785.pdf
942 _cEB
999 _c18500
_d18500